[Event "Bogota El Tablazo op-B"]
[Site "Bogota"]
[Date "2022.06.26"]
[Round "4.16"]
[White "Quintero, Raul"]
[Black "Ramirez Oviedo, Christian Camilo"]
[Result "1/2-1/2"]
[WhiteElo "1810"]
[BlackElo "1637"]
[PlyCount "77"]
[EventDate "2022.06.24"]
[EventType "swiss"]
[EventRounds "7"]
[EventCountry "COL"]
[SourceTitle "EXT 2024"]
[Source "ChessBase"]
[SourceDate "2023.10.10"]
[SourceVersion "1"]
[SourceVersionDate "2023.10.10"]
[SourceQuality "1"]

1. Nf3 Nf6 2. b3 g6 3. Bb2 Bg7 4. e3 c5 5. c4 Nc6 6. Be2 b6 7. 0-0 Bb7 8. Nc3 0-0 9. d4 cxd4 10. Nxd4 Nxd4 11. exd4 d5 12. Rc1 Qd7 13. Re1 dxc4 14. bxc4 e6 15. Qd3 Rac8 16. Red1 Rfd8 17. Qe3 Ba6 18. Nb5 Bxb5 19. cxb5 Nd5 20. Qd2 Bf8 21. a3 Rb8 22. g3 Bd6 23. Rc6 h5 24. Rdc1 Kh7 25. R1c2 Ne7 26. R6c3 Nd5 27. Rc6 Qe7 28. Bc1 Bxa3 29. Qh6+ Kg8 30. Bg5 Qf8 31. Qxf8+ Rxf8 32. Bd2 Rbd8 33. Ra2 Bb4 34. Bh6 Nc3 35. Rxc3 Bxc3 36. Bxf8 Kxf8 37. Rxa7 Bxd4 38. Ra2 Bc5 39. Kg2 1/2-1/2

[Event "Medellin Easter op 10th"]
[Site "Medellin"]
[Date "2022.04.16"]
[Round "6"]
[White "Zapata Sanchez, Juan Jose"]
[Black "Ramirez Oviedo, Christian Camilo"]
[Result "0-1"]
[WhiteElo "1151"]
[BlackElo "1604"]
[PlyCount "30"]
[EventDate "2022.04.13"]
[EventType "swiss"]
[EventRounds "8"]
[EventCountry "COL"]
[SourceTitle "CBM 207 Extra"]
[Source "ChessBase"]
[SourceDate "2022.05.31"]
[SourceVersion "1"]
[SourceVersionDate "2022.05.31"]
[SourceQuality "1"]

1. d4 Nf6 2. Bf4 c5 3. dxc5 Na6 4. e3 Nxc5 5. Nd2 g6 6. Bc4 Bg7 7. Ngf3 d5 8. Bb3 0-0 9. 0-0 a5 10. a3 Nxb3 11. Nxb3 Bg4 12. h3 Bxf3 13. Qxf3 Ne4 14. Rab1 a4 15. Na1 Nd2 0-1

[Event "Medellin Easter op 10th"]
[Site "Medellin"]
[Date "2022.04.15"]
[Round "4"]
[White "Becerra Saldarriaga, Emelyn"]
[Black "Ramirez Oviedo, Christian Camilo"]
[Result "1-0"]
[WhiteElo "1616"]
[BlackElo "1604"]
[PlyCount "79"]
[EventDate "2022.04.13"]
[EventType "swiss"]
[EventRounds "8"]
[EventCountry "COL"]
[SourceTitle "CBM 207 Extra"]
[Source "ChessBase"]
[SourceDate "2022.05.31"]
[SourceVersion "1"]
[SourceVersionDate "2022.05.31"]
[SourceQuality "1"]

1. e4 d5 2. exd5 Nf6 3. Bb5+ Bd7 4. Bc4 Bg4 5. f3 Bc8 6. Nc3 Nbd7 7. Nge2 Nb6 8. Bb3 Nbxd5 9. 0-0 e6 10. Ne4 c5 11. d3 Be7 12. Nf4 0-0 13. c4 Nb4 14. Be3 b6 15. a3 Nc6 16. Ba4 Bb7 17. Bxc6 Bxc6 18. Qe2 Qc7 19. Rad1 Rad8 20. Qe1 a5 21. Qg3 Qe5 22. Ng6 Qxg3 23. Nxe7+ Kh8 24. hxg3 Ba8 25. Nxf6 gxf6 26. d4 Rd7 27. dxc5 Rxe7 28. cxb6 Rc8 29. c5 Bc6 30. Rd6 a4 31. Rfd1 Bd5 32. Rc1 Rc6 33. Bh6 Re8 34. Rxc6 Bxc6 35. Rd1 Bd5 36. Rd4 Ra8 37. Bf4 Bc6 38. Bc7 Ra5 39. b7 Bxb7 40. Bxa5 1-0